Mineral Producing Countries Quiz Stats

 Plays Quiz Updated Apr 2, 2018

Challenge
Share
Tweet
Embed
Score 0/100 Timer 08:00
0 Plays Today
Mineral Country % Correct
CopperUSA
98.9%
BerylUSA
98.7%
GoldUSA
98.7%
LeadUSA
98.7%
ZincUSA
98.7%
MicaUSA
98.5%
GypsumUSA
98.2%
BerylChina
97.7%
BismuthChina
97.7%
FeldsparChina
97.7%
GraphiteChina
97.7%
IndiumChina
97.7%
Iron OreChina
97.7%
LeadChina
97.7%
MagnesiumChina
97.7%
MercuryChina
97.7%
SilverChina
97.7%
TinChina
97.7%
ZincChina
97.7%
GoldChina
97.6%
CopperChina
97.6%
CobaltChina
97.6%
GypsumChina
97.5%
SaltChina
97.4%
AsbestosChina
97.3%
AsbestosRussia
97%
Iron OreRussia
97%
NickelRussia
97%
MagnesiumRussia
97%
MicaRussia
97%
SilverRussia
96.9%
GoldRussia
96.8%
MercuryRussia
96.2%
CobaltRussia
96.2%
Mineral Country % Correct
AsbestosCanada
95.1%
GraphiteCanada
95.1%
IndiumCanada
95.1%
NickelCanada
95.1%
ZincCanada
95.1%
AsbestosBrazil
95%
GraphiteBrazil
95%
TinBrazil
95%
Iron OreBrazil
95%
BismuthCanada
94.7%
MagnesiumBrazil
94.6%
GraphiteIndia
93.8%
Iron OreIndia
93.8%
LeadMexico
92.9%
SilverMexico
92.9%
BismuthMexico
92.8%
SaltUSA
92.7%
CobaltAustralia
92%
GoldAustralia
92%
Iron OreAustralia
92%
LeadAustralia
92%
NickelAustralia
92%
SilverAustralia
92%
ZincAustralia
91.8%
CopperAustralia
91.8%
GoldSouth Africa
91.2%
SaltIndia
90%
SaltAustralia
89.9%
MicaFrance
85.1%
CopperChile
85%
FeldsparJapan
84.9%
IndiumJapan
84.6%
MercuryPeru
79.8%
BismuthPeru
79.7%
Mineral Country % Correct
ZincPeru
79.7%
LeadPeru
79.6%
SilverPeru
79.6%
TinPeru
79.6%
GypsumIran
79.6%
CopperPeru
79.5%
NickelIndonesia
77.8%
TinIndonesia
77.8%
GypsumSpain
77%
NickelColombia
74.8%
FeldsparTurkey
74.7%
FeldsparItaly
74.1%
SaltCanada
72.4%
IndiumSouth Korea
66.4%
MicaSouth Korea
66.2%
AsbestosKazakhstan
66.1%
BismuthKazakhstan
66.1%
MagnesiumKazakhstan
65.3%
CobaltDemocratic Republic of the Congo
64.8%
TinBolivia
64.4%
GypsumThailand
61.9%
FeldsparThailand
61.5%
MicaFinland
58.1%
BerylPortugal
50.4%
GraphiteNorth Korea
46.4%
BerylMadagascar
40.2%
CobaltZambia
39.9%
MercuryTajikistan
39.8%
MercuryKyrgyzstan
38.9%
BerylMozambique
38.7%
MagnesiumIsrael
36.9%
IndiumBelgium
26%

You're not logged in!

Compare scores with friends on all Sporcle quizzes.
OR
Log In

You Might Also Like...

Show Comments

Extras

Top Quizzes Today


Score Distribution

Your Account Isn't Verified!

In order to create a playlist on Sporcle, you need to verify the email address you used during registration. Go to your Sporcle Settings to finish the process.

Report this User

Report this user for behavior that violates our Community Guidelines.

Details: